A dynamical theory of the electromagnetic field /

Bibliographic Details
Main Author: Maxwell, James Clerk, 1831-1879
Other Authors: Torrance, Thomas F. (Thomas Forsyth), 1913-2007
Format: Book
Language:English
Published: Eugene, Ore : Wipf & Stock, [1996]
Series:Torrance collection.
Subjects:

MARC

Tag First Indicator Second Indicator Subfields
LEADER 00000cam a2200000 a 4500
001 in00001406419
005 20151020072654.0
008 990111s1996 stk b 000 0 eng d
035 |a (OCoLC)40600154 
035 |9 AHQ3351AM 
040 |a IOV  |c IOV  |d TXA  |d UtOrBLW 
049 |a TXAM 
090 |a QC665.E4  |b M38 1996 
100 1 |a Maxwell, James Clerk,  |d 1831-1879. 
245 1 2 |a A dynamical theory of the electromagnetic field /  |c James Clerk Maxwell ; with an appreciation by Albert Einstein ; edited and introduced by Thomas F. Torrance. 
264 1 |a Eugene, Ore :  |b Wipf & Stock,  |c [1996] 
264 4 |c ©1996 
300 |a xiii, 103 pages ;  |c 22 cm. 
336 |a text  |b txt  |2 rdacontent 
337 |a unmediated  |b n  |2 rdamedia 
338 |a volume  |b nc  |2 rdacarrier 
490 1 |a The Torrance collection 
504 |a Includes bibliographical references. 
650 0 |a Electromagnetic fields. 
700 1 |a Torrance, Thomas F.  |q (Thomas Forsyth),  |d 1913-2007. 
830 0 |a Torrance collection. 
948 |a c:kh 
999 |a MARS 
999 f f |s 9677be46-f4e3-39bd-8655-eff941467378  |i 3311c9dc-ba5e-3e75-aeb7-87068dba3774  |t 0 
952 f f |p normal  |a Texas A&M University  |b College Station  |c Sterling C. Evans Library  |d Evans: Library Stacks  |t 0  |e QC665.E4 M38 1996  |h Library of Congress classification  |i unmediated -- volume  |m A14825056811 
998 f f |a QC665.E4 M38 1996  |t 0  |l Evans: Library Stacks